000
00241nam a2200097Ia 4500
001
640801
005
20250826153454.0
008
250824s9999 xx 000 0 und d
245
0
_a
ALTIN FERMAN
_c
AHMET YILMAZ BOYUNAĞA
260
_b
GENÇ TİMAŞ
999
_c
640801
_d
640801